The moral obligation to be intelligent : and other essays /

Bibliographic Details
Main Author: Erskine, John, 1879-1951
Format: Book
Language:English
Published: New York : Duffield and company, 1915.

MARC

Tag First Indicator Second Indicator Subfields
LEADER 00000cam a2200000 4500
001 in00000032878
005 20151007063242.0
008 720413s1915 nyu 00010 eng u
010 |a  15023793  
035 |a (OCoLC)00283645 
035 |9 AAD6925AM 
040 |c WSU  |d TXA  |d UtOrBLW 
049 |a TXAM  |c [5199] 
050 0 |a PS3509.R5  |b M6 1915 
092 |a 814  |b E73 
100 1 |a Erskine, John,  |d 1879-1951. 
245 1 4 |a The moral obligation to be intelligent :  |b and other essays /  |c by John Erskine. 
264 1 |a New York :  |b Duffield and company,  |c 1915. 
300 |a 5 pages ., 3-166 pages, 1 unnumbered page ;  |c 20 cm. 
336 |a text  |b txt  |2 rdacontent 
337 |a unmediated  |b n  |2 rdamedia 
338 |a volume  |b nc  |2 rdacarrier 
500 |a "The title essay, originally read before the Phi beta kappa society of Amherst college, is reprinted ... from the Hibbert journal. The last essay also was read before the Phi beta kappa society of Amherst college, and before the Phi beta kappa alumni of New York city."--Note. 
505 0 |a The moral obligation to be intelligent.--The call to service.--the mind of Shakspere.--Magic and wonder and literature. 
999 |a MARS 
999 f f |s e6165a64-706b-3c1d-b6dc-d6335418eaf1  |i 4569ce62-c4b8-397b-a416-c5eeea4453e4  |t 0 
952 f f |p ric  |a Texas A&M University  |b Rellis Campus  |c Joint Library Facility  |d Remote Storage  |t 0  |e PS3509.R5 M6 1915  |h Library of Congress classification  |i unmediated -- volume  |m A14801258093 
998 f f |a PS3509.R5 M6 1915  |t 0  |l Remote Storage